[Event "FIDE Open 2012"]
[Site "Voronezh (Russia)"]
[Date "2012.06.12"]
[Round "1.34"]
[White "Kostin, Yury"]
[Black "Ioffe, Evgeny"]
[Result "0-1"]
[WhiteElo "1688"]
[BlackElo "2046"]
[Annotator ""]
[Source ""]
[Remark ""]

1.e4 c6 2.Nc3 d5 3.Nf3 Bg4 4.Be2 e6 5.exd5 cxd5 6.d4 Nc6 7.Bf4
Nf6 8.Nb5 Rc8 9.O-O a6 10.Nc3 Be7 11.h3 Bh5 12.Nh2 Bg6 13.Bd3
Qb6 14.Bxg6 hxg6 15.Nf3 Qxb2 16.Na4 Qb5 17.c3 Qa5 18.Bd2 Ne4
19.Be1 Qc7 20.Nd2 Nxd2 21.Bxd2 Na5 22.Nb2 O-O 23.Qf3 Ba3 24.Rfb1
Bxb2 25.Rxb2 Nc4 26.Bf4 Qc6 27.Rb4 a5 28.Rb3 a4 29.Rb4 Na3 30.Rc1
Rfd8 31.h4 Rd7 32.h5 gxh5 33.Qxh5 Nc4 34.Re1 Nd6 35.Re3 Nf5 36.Rh3
f6 37.Rxa4 g5 38.Qh8+ Kf7 39.Rh7+ Kg6 40.Qxf6+ Kxf6 41.Be5+ Kg6
42.Rxd7 Qxd7 0-1

[Event "FIDE Open 2012"]
[Site "Voronezh (Russia)"]
[Date "2012.06.12"]
[Round "1.35"]
[White "Ognerubova, Anastasia"]
[Black "Savenko, Ivan"]
[Result "1-0"]
[WhiteElo "2044"]
[BlackElo "1634"]
[Annotator ""]
[Source ""]
[Remark ""]

1.e4 d5 2.exd5 Qxd5 3.Nc3 Qd8 4.d4 Bf5 5.Qf3 Bc8 6.Bb5+ c6 7.Bc4
Nf6 8.Nge2 Bg4 9.Qg3 e6 10.Bg5 Bxe2 11.Bxe2 Be7 12.Be3 Nbd7 13.Qxg7
Rg8 14.Qh6 Rxg2 15.O-O-O Rg6 16.Qh3 Qa5 17.Bd3 Rg8 18.f4 O-O-O
19.f5 e5 20.Bc4 exd4 21.Bxd4 Ne5 22.Bxe5 Qxe5 23.Bxf7 Rg5 24.Be6+
Kc7 25.Qh4 Rh5 26.Qg3 Qxg3 27.hxg3 Rg5 28.Ne4 Rxd1+ 29.Rxd1 Nxe4
30.Rd7+ Kb6 31.Rxe7 Rxg3 32.b3 h5 33.Rh7 Rh3 34.Rh6 Rh1+ 35.Kb2
h4 36.f6 Ng5 37.Bc4 Rh2 38.Rh5 Ne4 39.f7 Rf2 40.Rh8 h3 41.f8Q
Rxf8 42.Rxf8 1-0

[Event "FIDE Open 2012"]
[Site "Voronezh (Russia)"]
[Date "2012.06.12"]
[Round "1.36"]
[White "Poluektova, Anastasia"]
[Black "Orekhov, Nikolai"]
[Result "0-1"]
[WhiteElo "1613"]
[BlackElo "2038"]
[Annotator ""]
[Source ""]
[Remark ""]

1.e4 c5 2.Nf3 e6 3.d3 d6 4.g3 g6 5.Bg2 Bg7 6.O-O Ne7 7.c3 O-O
8.Nbd2 Nbc6 9.Re1 b6 10.Nf1 a5 11.h4 a4 12.a3 e5 13.Kh2 Be6 14.N1d2
h6 15.c4 Qd7 16.Nb1 Bg4 17.Nc3 Nd4 18.Be3 Nec6 19.Nd5 Qd8 20.Nxd4
Bxd1 21.Nxc6 Qd7 22.Nce7+ Kh7 23.Rexd1 Rae8 24.Bh3 Qb7 25.Nc8
Rxc8 26.Bxc8 Qxc8 27.Nc3 Qd7 28.Nd5 Rb8 29.Nc3 f5 30.Re1 Rf8
31.Nd5 f4 32.gxf4 Qg4 33.f5 gxf5 34.Nxb6 f4 35.Bd2 f3 0-1

[Event "FIDE Open 2012"]
[Site "Voronezh (Russia)"]
[Date "2012.06.12"]
[Round "1.37"]
[White "Filippov, Ivan"]
[Black "Bezgodova, Tatiana"]
[Result "1-0"]
[WhiteElo "2035"]
[BlackElo "1551"]
[Annotator ""]
[Source ""]
[Remark ""]

1.d4 Nf6 2.c4 d6 3.Nc3 c6 4.e4 Nbd7 5.f4 e5 6.Nf3 exd4 7.Nxd4
g6 8.Bd3 Bg7 9.Bc2 O-O 10.O-O h5 11.Kh1 Ng4 12.Nf3 Qb6 13.Qe1
Re8 14.Qg3 Nc5 15.h3 Bxc3 16.hxg4 hxg4 17.bxc3 gxf3 18.Qxf3 Kg7
19.Be3 Qd8 20.Bd4+ f6 21.e5 fxe5 22.fxe5 Rf8 23.exd6+ Kg8 24.Qxf8+
Qxf8 25.Rxf8+ Kxf8 26.Bxc5 Kg7 27.Re1 b6 28.Bd4+ Kh6 29.Re8 1-0

[Event "FIDE Open 2012"]
[Site "Voronezh (Russia)"]
[Date "2012.06.12"]
[Round "1.38"]
[White "Alkaev, Ruslan"]
[Black "Avtsynov, Artyom"]
[Result "0-1"]
[WhiteElo "1970"]
[BlackElo "2033"]
[Annotator ""]
[Source ""]
[Remark ""]

1.e4 d6 2.d4 Nf6 3.Nc3 g6 4.f4 Bg7 5.Nf3 O-O 6.Bd3 Na6 7.O-O
c5 8.Bxa6 cxd4 9.Qxd4 bxa6 10.e5 Nd7 11.Be3 Bb7 12.Qb4 Bxf3 13.Rxf3
dxe5 14.Nd5 e6 15.Ne7+ Kh8 16.Rd1 Qc7 17.Qd6 Qxd6 18.Rxd6 e4
19.Rf1 Nb6 20.b3 Rfe8 21.Nc6 Bf8 22.Rd2 Rec8 23.Ne5 f6 24.Ng4
Bb4 25.Re2 Bc3 26.Nf2 Nd5 27.Rd1 f5 28.g3 Rd8 29.Bc5 Kg7 30.a4
a5 31.Rc1 Rac8 32.Bxa7 Rc7 0-1

[Event "FIDE Open 2012"]
[Site "Voronezh (Russia)"]
[Date "2012.06.13"]
[Round "2.1"]
[White "Alkaev, Roman"]
[Black "Manukovsky, Vladimir"]
[Result "1-0"]
[WhiteElo "2066"]
[BlackElo "2238"]
[Annotator ""]
[Source ""]
[Remark ""]

1.e4 c5 2.Nf3 g6 3.d4 cxd4 4.Nxd4 Bg7 5.Nc3 Nc6 6.Be3 b6 7.Qd2
Bb7 8.O-O-O Rc8 9.f3 h5 10.Nxc6 dxc6 11.Qf2 Qc7 12.Bd4 e5 13.Be3
Nf6 14.Bc4 Rd8 15.Bg5 Bh6 16.Bxh6 Rxh6 17.Qg3 Rxd1+ 18.Rxd1 Kf8
19.Ne2 h4 20.Qe1 Kg7 21.Qd2 Rh8 22.Qd6 Rc8 23.Ng1 b5 24.Bb3 c5
25.Qxc7 Rxc7 26.c4 b4 27.Nh3 Nh5 28.Bc2 Bc8 29.Ng1 Be6 30.Bd3
Rd7 31.Bf1 Rd4 32.b3 f5 33.Rxd4 exd4 34.Kd2 Kf6 35.Ne2 fxe4 36.fxe4
Bd7 37.Nc1 Nf4 38.g3 hxg3 39.hxg3 Ne6 40.Nd3 Bc6 41.Bg2 Ke7 42.Ne5
Be8 43.Nd3 g5 44.Bh3 g4 45.Bxg4 Ng5 46.Bf5 Kd6 47.e5+ Kc6 48.Ke2
a5 49.Nf4 a4 50.g4 a3 51.Kf2 Bd7 52.Nd3 Be6 53.Bxe6 Nxe6 54.Kg3
Kd7 55.Kf3 Ke7 56.Ke4 Kd7 57.Kd5 Ke7 58.Kc6 Ke8 59.Kd6 Kf7 60.Kd7
Ng5 61.Nxc5 1-0

[Event "FIDE Open 2012"]
[Site "Voronezh (Russia)"]
[Date "2012.06.13"]
[Round "2.2"]
[White "Kiselev, Alexander S."]
[Black "Katkov, Vitaly"]
[Result "0-1"]
[WhiteElo "2236"]
[BlackElo "2066"]
[Annotator ""]
[Source ""]
[Remark ""]

1.e4 e5 2.Nf3 Nf6 3.Nc3 Nc6 4.Bb5 Nd4 5.Bc4 d6 6.h3 c6 7.d3 b5
8.Bb3 a5 9.a3 Nxb3 10.cxb3 Be7 11.O-O O-O 12.Re1 Bb7 13.Bg5 h6
14.Bd2 Re8 15.Qc2 Rc8 16.b4 axb4 17.axb4 Ra8 18.d4 Bf8 19.Rad1
Qc8 20.Qd3 Qe6 21.Nh4 exd4 22.Qxd4 c5 23.Qd3 cxb4 24.Nd5 Nxd5
25.exd5 Qxd5 26.Qxd5 Bxd5 27.Bxb4 Bb3 28.Rxe8 Rxe8 29.Rd2 Re4 0-1

[Event "FIDE Open 2012"]
[Site "Voronezh (Russia)"]
[Date "2012.06.13"]
[Round "2.3"]
[White "Gataullin, Artur"]
[Black "Khoroshilov, Nikita"]
[Result "0-1"]
[WhiteElo "2064"]
[BlackElo "2223"]
[Annotator ""]
[Source ""]
[Remark ""]

1.e4 d6 2.d4 Nf6 3.Nc3 g6 4.f4 Bg7 5.Nf3 O-O 6.e5 Nfd7 7.Bc4
Nb6 8.Bb3 Nc6 9.a4 a5 10.O-O Bg4 11.Be3 d5 12.h3 Bxf3 13.Qxf3
e6 14.Qe2 f6 15.Nb5 fxe5 16.fxe5 Qd7 17.Rfc1 Ne7 18.Bg5 Nf5 19.g4
Ng3 20.Qe3 Ne4 21.Bh4 Rac8 22.Nc3 Nxc3 23.Qxc3 c5 24.Qxa5 Nc4
25.Bxc4 dxc4 26.Bf2 Rxf2 27.Kxf2 Qxd4+ 28.Kg2 Qe4+ 29.Kg1 Qe3+
30.Kg2 Qe2+ 0-1

[Event "FIDE Open 2012"]
[Site "Voronezh (Russia)"]
[Date "2012.06.13"]
[Round "2.4"]
[White "Skomorohov, Grigorij"]
[Black "Kostitsina, Liubov"]
[Result "1-0"]
[WhiteElo "2217"]
[BlackElo "2053"]
[Annotator ""]
[Source ""]
[Remark ""]

1.e4 c5 2.Nf3 e6 3.Nc3 a6 4.d4 cxd4 5.Nxd4 Qc7 6.g3 b5 7.a3 Bb7
8.Bg2 Nf6 9.O-O Be7 10.Be3 d6 11.g4 h5 12.g5 Ng4 13.g6 d5 14.gxf7+
Kd7 15.Re1 Qxh2+ 16.Kf1 Nxe3+ 17.Rxe3 Qf4 18.exd5 Bc5 19.Nde2
Qh4 20.dxe6+ Kc7 21.Nd5+ Bxd5 22.Qxd5 Bxe3 23.Qe5+ Kc8 24.Qxe3
Nc6 25.Bxc6 1-0

[Event "FIDE Open 2012"]
[Site "Voronezh (Russia)"]
[Date "2012.06.13"]
[Round "2.5"]
[White "Ioffe, Evgeny"]
[Black "Kalinin, Nikita"]
[Result "1/2-1/2"]
[WhiteElo "2046"]
[BlackElo "2199"]
[Annotator ""]
[Source ""]
[Remark ""]

1.e4 c5 2.c3 d6 3.d4 Nf6 4.dxc5 Nc6 5.Nd2 dxc5 6.Ngf3 Bg4 7.Qc2
e6 8.Be2 Be7 9.Nc4 Qc7 10.a4 O-O 11.O-O Rfd8 12.Bg5 Nh5 13.Bxe7
Nxe7 14.Nfe5 Bxe2 15.Qxe2 Nf4 16.Qf3 Neg6 17.Rfd1 f6 18.Nxg6
Nxg6 19.g3 Qc6 20.Rxd8+ Rxd8 21.Rd1 Rxd1+ 22.Qxd1 Qxe4 23.Qd8+
Nf8 24.Nd6 Qd5 25.Qe7 Qd1+ 26.Kg2 Qd5+ 27.Kg1 Qd1+ 28.Kg2 Qd5+ 1/2-1/2

[Event "FIDE Open 2012"]
[Site "Voronezh (Russia)"]
[Date "2012.06.13"]
[Round "2.6"]
[White "Orekhov, Nikolai"]
[Black "Kiselev, Maxim"]
[Result "1-0"]
[WhiteElo "2038"]
[BlackElo "2187"]
[Annotator ""]
[Source ""]
[Remark ""]

1.d4 d5 2.c4 c6 3.Nf3 Nf6 4.e3 g6 5.Nc3 Bg7 6.Be2 O-O 7.O-O a6
8.a4 a5 9.Qb3 Na6 10.cxd5 Nxd5 11.Nxd5 Qxd5 12.Bc4 Qh5 13.Bd2
Bg4 14.Be2 e5 15.dxe5 Nc5 16.Qc2 Ne6 17.Bc3 Ng5 18.Nxg5 Bxe2
19.Rfe1 Ba6 20.f4 h6 21.Ne4 Qf5 22.Nf6+ Bxf6 23.Qxf5 gxf5 24.exf6
Bd3 25.Kf2 Rfd8 26.Rg1 Kf8 27.g4 Rd5 28.g5 hxg5 29.Rxg5 Rad8
30.Rag1 Ke8 31.Rg8+ Kd7 32.Rxd8+ Kxd8 33.Rg7 Ke8 34.Rg8+ Kd7
35.Rf8 b5 36.Rxf7+ Ke8 37.Re7+ Kf8 38.axb5 cxb5 39.Bxa5 Rc5 40.Rd7
Rc2+ 41.Kg3 Bc4 42.Bb4+ Kg8 43.Rg7+ Kh8 44.Bc3 b4 45.Bd4 b3 46.f7
Rg2+ 47.Kh3 Rxh2+ 48.Kxh2 1-0

[Event "FIDE Open 2012"]
[Site "Voronezh (Russia)"]
[Date "2012.06.13"]
[Round "2.7"]
[White "Talipov, Nafis"]
[Black "Ognerubova, Anastasia"]
[Result "1-0"]
[WhiteElo "2160"]
[BlackElo "2044"]
[Annotator ""]
[Source ""]
[Remark ""]

1.d4 Nf6 2.Nc3 d5 3.Bg5 e6 4.e4 dxe4 5.Nxe4 Be7 6.Bxf6 Bxf6 7.Nf3
Nd7 8.Bd3 O-O 9.Qe2 c5 10.Nxf6+ Nxf6 11.dxc5 Qa5+ 12.c3 Qxc5
13.O-O b6 14.Qe5 Qxe5 15.Nxe5 Bb7 16.Rfd1 Rfd8 17.Bc4 Kf8 18.a4
a6 19.Be2 Ke7 20.Nc4 Rxd1+ 21.Rxd1 Nd5 22.Bf3 Rb8 23.Ne5 f6 24.Bxd5
Bxd5 25.Rxd5 fxe5 26.Rxe5 Rd8 27.f4 Rd2 28.b4 Kf6 29.a5 b5 30.Rc5
Rc2 31.h3 h6 32.Kh2 g5 33.fxg5+ hxg5 34.Rc6 Kf5 35.Rxa6 Rxc3
36.Rb6 Ra3 37.Rxb5+ e5 38.Rb8 Ke4 39.Ra8 Rb3 40.Rb8 Ra3 41.Rg8
Ra4 42.Rxg5 Kd4 43.h4 Rxb4 44.h5 Rb7 45.h6 Rh7 46.Rg6 e4 47.g4
e3 48.Re6 Kd3 49.g5 e2 50.Kg3 Kd2 51.Kg4 1-0

[Event "FIDE Open 2012"]
[Site "Voronezh (Russia)"]
[Date "2012.06.13"]
[Round "2.8"]
[White "Maksimov, Dmitri"]
[Black "Torshin, Anton"]
[Result "1/2-1/2"]
[WhiteElo "2007"]
[BlackElo "2135"]
[Annotator ""]
[Source ""]
[Remark ""]

1.e4 c5 2.c3 Nf6 3.e5 Nd5 4.Nf3 Nc6 5.Bc4 Nb6 6.Bb3 d5 7.exd6
Qxd6 8.Na3 a6 9.O-O Bf5 10.d4 cxd4 11.Nxd4 Nxd4 12.cxd4 e6 13.Qf3
Qd7 14.d5 Bxa3 15.bxa3 Nxd5 16.Rd1 O-O 17.Bxd5 exd5 18.Rxd5 Qe6
19.Bb2 Be4 20.Qg3 f6 21.Rd6 Qf5 22.Rc1 Bc6 23.h4 Rae8 24.Rd4
Re2 25.Rf4 Qe6 26.Bc3 Kh8 27.h5 h6 28.Rg4 Qd7 29.Bb4 Rfe8 30.Kh2
Rxf2 31.Rxg7 Rxg2+ 32.Qxg2 Qxg7 33.Qxg7+ Kxg7 34.Rg1+ Kh7 35.Rg6
Re5 36.Rxf6 Rxh5+ 37.Kg3 Rh1 38.Kf4 Kg7 39.Rd6 Rf1+ 40.Kg4 Rg1+
41.Kh4 Rg6 42.Rd8 Rg2 43.Bf8+ Kh7 44.Rd6 Rg6 45.Rd2 Rf6 46.Bd6
Kg6 47.Bb4 Rf1 48.Rd8 Rh1+ 49.Kg3 Kf5 50.Rf8+ Ke4 51.Rf4+ Kd3
52.Rh4 Rg1+ 53.Kf4 Rf1+ 54.Ke5 Rh1 55.Rxh1 Bxh1 56.Kf6 h5 57.Kg5
Bf3 58.a4 Kc4 59.Be1 b6 60.a5 b5 61.a3 1/2-1/2

[Event "FIDE Open 2012"]
[Site "Voronezh (Russia)"]
[Date "2012.06.13"]
[Round "2.9"]
[White "Egorenkov, Igor"]
[Black "Filippov, Ivan"]
[Result "1/2-1/2"]
[WhiteElo "2133"]
[BlackElo "2035"]
[Annotator ""]
[Source ""]
[Remark ""]

1.d4 d6 2.Nf3 f5 3.g3 Nf6 4.Bg2 g6 5.O-O Bg7 6.Nc3 O-O 7.Re1
Nc6 8.d5 Ne5 9.Nd4 Bd7 10.f4 Nc4 11.a4 a5 12.Qd3 Nb6 13.Be3 Qc8
14.Kh1 c6 15.dxc6 bxc6 16.Nb3 Nbd5 17.Bd4 Nb4 18.Qd2 Be6 19.e4
Qb7 20.exf5 Bxf5 21.Rac1 Nxc2 22.Rxc2 Qxb3 23.Rcc1 e5 24.fxe5
dxe5 25.Bxe5 Rad8 26.Qf4 Nh5 27.Qh4 Bxe5 28.Rxe5 Qxb2 29.Qc4+
Kh8 30.Rce1 Qb4 31.Rc5 Qb2 32.g4 Bd3 33.Qe6 Rde8 34.Qxe8 Rxe8
35.Rxe8+ Kg7 36.Re7+ Kf6 37.Re1 Nf4 38.Rxc6+ Kg5 39.Ne4+ Kh4
40.Bf3 Bxe4 41.Bxe4 Qb4 42.Rcc1 Qxa4 43.Rc7 h6 44.g5 Qb4 45.Rcc1
Kxg5 46.Rg1+ Kf6 47.Rc6+ Ke5 48.Bf3 Ne2 49.Rf1 Nd4 50.Rcc1 Nxf3
51.Rxf3 Qe4 52.Rcc3 1/2-1/2

[Event "FIDE Open 2012"]
[Site "Voronezh (Russia)"]
[Date "2012.06.13"]
[Round "2.10"]
[White "Ajrapetian, Nikita"]
[Black "Makarkin, Zhan"]
[Result "0-1"]
[WhiteElo "1995"]
[BlackElo "2126"]
[Annotator ""]
[Source ""]
[Remark ""]

1.d4 d5 2.c4 c6 3.Nc3 Nf6 4.e3 e6 5.Nf3 Nbd7 6.Bd3 dxc4 7.Bxc4
b5 8.Bd3 Bb7 9.O-O a6 10.Bd2 c5 11.Qe2 Be7 12.Rac1 O-O 13.Rfd1
Qb6 14.a3 Rac8 15.Bc2 Rfd8 16.Be1 Qc7 17.dxc5 Nxc5 18.Rxd8+ Qxd8
19.Nd4 g6 20.Rd1 Qc7 21.f3 e5 22.Nb3 Qb6 23.Nxc5 Bxc5 24.Bf2
Bxa3 25.Bb3 Bc5 26.e4 Bxf2+ 27.Qxf2 Qxf2+ 28.Kxf2 Kf8 29.g4 h6
30.h4 Ke7 31.g5 hxg5 32.hxg5 Nh7 33.Bxf7 b4 34.Bxg6 Nxg5 35.Nd5+
Bxd5 36.exd5 Kd6 37.Be4 Nh3+ 38.Kg3 Nf4 39.Ra1 Nxd5 40.Rxa6+
Rc6 41.Rxc6+ Kxc6 42.Kg4 Kc5 43.Kf5 Kd4 44.Ke6 Ne3 45.Kf6 Nc4
46.b3 Nd2 47.Kf5 Nxb3 48.f4 Nd2 49.Bc2 e4 50.Kg4 b3 51.Bxb3 Nxb3 0-1

[Event "FIDE Open 2012"]
[Site "Voronezh (Russia)"]
[Date "2012.06.13"]
[Round "2.11"]
[White "Fadin, Evgeny"]
[Black "Artemov, Nikita"]
[Result "1-0"]
[WhiteElo "2122"]
[BlackElo "2008"]
[Annotator ""]
[Source ""]
[Remark ""]

1.d4 f5 2.c4 Nf6 3.Nf3 e6 4.g3 Bb4+ 5.Nbd2 O-O 6.Bg2 Qe8 7.O-O
Be7 8.e4 Nxe4 9.Nxe4 fxe4 10.Nd2 d5 11.Qb3 Nc6 12.cxd5 Nxd4 13.Qc4
Nf3+ 14.Kh1 Qh5 15.Bxf3 exf3 16.dxe6 Qh3 17.Rg1 Bxe6 18.Qxc7
Rae8 19.Ne4 Bd8 20.Qxb7 Rf5 21.g4 Bd5 22.Qd7 Rfe5 23.Bf4 Rxe4
24.Qxd5+ Kh8 25.Rad1 Bh4 26.Be3 Rxe3 27.fxe3 Bf2 28.Qf7 Rc8 29.Qf5
Rb8 30.Qe5 Rc8 31.Qc5 Re8 32.Qe7 Rg8 33.Rd8 h6 34.Rxg8+ Kxg8
35.Qe8+ Kh7 36.Qh5 1-0

[Event "FIDE Open 2012"]
[Site "Voronezh (Russia)"]
[Date "2012.06.13"]
[Round "2.12"]
[White "Titorenko, Irina"]
[Black "Bezgodova, Svetlana"]
[Result "0-1"]
[WhiteElo "1988"]
[BlackElo "2120"]
[Annotator ""]
[Source ""]
[Remark ""]

1.c4 e5 2.Nc3 Nf6 3.d3 d5 4.cxd5 Nxd5 5.Nf3 Nc6 6.g3 Be7 7.Bg2
Nb6 8.O-O O-O 9.b3 Re8 10.Bb2 Bg4 11.h3 Bh5 12.Rc1 Qd7 13.Ne4
Bxf3 14.Bxf3 Qxh3 15.Nc5 Bxc5 16.Rxc5 Re6 17.Bg2 Qg4 18.e3 Qxd1
19.Rxd1 Nd7 20.Rc4 Rd8 21.Bxc6 bxc6 22.Rdc1 Nb8 23.d4 e4 24.b4
a6 25.Rc5 Rdd6 26.a4 h6 27.d5 cxd5 28.Rxc7 Rb6 29.Rc8+ Kh7 30.R1c7
Rxb4 31.Bd4 Kg6 32.Ba7 Rf6 33.Rxb8 Rxa4 34.Bd4 Rf3 35.Rc2 h5
36.Rg8 f6 37.Rc7 Rc4 38.Rgxg7+ Kf5 39.Rcf7 Ke6 40.Re7+ Kf5 41.Rh7
Rc1+ 42.Kg2 Rc2 43.Kh3 Rfxf2 44.Rxh5+ Kg6 45.Kg4 Rcd2 46.Rhh7
f5+ 0-1

[Event "FIDE Open 2012"]
[Site "Voronezh (Russia)"]
[Date "2012.06.13"]
[Round "2.13"]
[White "Magrifin, Iljanor"]
[Black "Grachev, Andrey"]
[Result "0-1"]
[WhiteElo "2115"]
[BlackElo "1996"]
[Annotator ""]
[Source ""]
[Remark ""]

1.Nf3 g6 2.c4 Bg7 3.g3 e5 4.d3 d6 5.Bg2 Nc6 6.O-O f5 7.Nc3 Nf6
8.Bg5 O-O 9.Nd5 Be6 10.Rb1 Rb8 11.b4 Ne7 12.Qb3 Qd7 13.Nxf6+
Bxf6 14.Bxf6 Rxf6 15.Ng5 Kg7 16.Nxe6+ Qxe6 17.Qa4 a6 18.b5 axb5
19.Qa7 Qc8 20.Rxb5 b6 21.Qa3 f4 22.Qc1 Nf5 23.Rb2 g5 24.e3 Ne7
25.exf4 gxf4 26.Qd1 Qf5 27.Be4 Qh3 28.Qf3 Rbf8 29.g4 Qh4 30.Kh1
Rh6 31.Qg2 f3 32.Qg3 Qg5 33.Rg1 Ng6 34.Bxg6 hxg6 35.Re1 Rfh8
36.Qxf3 Rxh2+ 37.Kg1 Qh4 38.Kf1 Rf8 39.Qe3 Qxg4 40.Qe4 Qh5 0-1

[Event "FIDE Open 2012"]
[Site "Voronezh (Russia)"]
[Date "2012.06.13"]
[Round "2.14"]
[White "Nazarov, Ilya"]
[Black "Aminov, Andrey"]
[Result "1/2-1/2"]
[WhiteElo "1986"]
[BlackElo "2112"]
[Annotator ""]
[Source ""]
[Remark ""]

1.b4 e6 2.Bb2 Nf6 3.a3 b6 4.Nf3 Bb7 5.g3 Be7 6.Bg2 O-O 7.O-O
d6 8.d3 c5 9.Nbd2 Nbd7 10.b5 a6 11.a4 Ne8 12.e4 Nc7 13.c4 axb5
14.axb5 Bf6 15.Qc2 Bxb2 16.Qxb2 e5 17.Nh4 g6 18.Rxa8 Qxa8 19.f4
exf4 20.gxf4 Qd8 21.Ndf3 Ne6 22.Qd2 Qf6 23.f5 Nd4 24.Qh6 Nxf3+
25.Nxf3 Qg7 26.Qh3 Ne5 27.Nxe5 Qxe5 28.Qh6 Qg7 29.Qf4 Qe5 30.fxg6
Qd4+ 31.Qf2 Qxf2+ 32.Rxf2 hxg6 33.Ra2 Ra8 34.Rxa8+ Bxa8 35.h4
Bb7 36.Bh3 Kg7 37.Kf2 Kf6 38.Ke3 Ke5 39.Bg4 f6 40.Bd7 f5 41.exf5
gxf5 42.Bc6 Bc8 43.h5 f4+ 44.Kf3 Kf5 45.h6 Kg6 46.Kxf4 Kxh6 47.Ke4
Be6 48.Bd5 Bh3 49.Bc6 Be6 50.Bd5 Bh3 51.Bg8 Kg7 52.Kd5 1/2-1/2

[Event "FIDE Open 2012"]
[Site "Voronezh (Russia)"]
[Date "2012.06.13"]
[Round "2.15"]
[White "Kalinin, Ivan"]
[Black "Popov, Kirill"]
[Result "1/2-1/2"]
[WhiteElo "2088"]
[BlackElo "1983"]
[Annotator ""]
[Source ""]
[Remark ""]

1.d4 e6 2.c4 Nf6 3.Nc3 Bb4 4.e3 c5 5.Nge2 cxd4 6.exd4 O-O 7.a3
Be7 8.g3 d5 9.cxd5 Nxd5 10.Bg2 Nxc3 11.Nxc3 Bf6 12.Be3 Nc6 13.Ne2
Ne7 14.O-O Nd5 15.Nc3 g6 16.Nxd5 exd5 17.Qb3 Be6 18.Qxb7 a5 19.Qb3
Rb8 20.Qc3 Qb6 21.Rac1 Rfc8 22.Qd2 Rxc1 23.Rxc1 Qxb2 24.Qxb2
Rxb2 25.h4 Be7 26.Bh6 Bxa3 27.Rc3 Bf8 28.Bxf8 Kxf8 29.Rc5 Rd2
30.Bxd5 Bxd5 31.Rxd5 a4 32.Kg2 a3 33.Ra5 Rxd4 34.Rxa3 1/2-1/2

[Event "FIDE Open 2012"]
[Site "Voronezh (Russia)"]
[Date "2012.06.13"]
[Round "2.16"]
[White "Purtov, Konstantin"]
[Black "Belov, Yury"]
[Result "1-0"]
[WhiteElo "2083"]
[BlackElo "1783"]
[Annotator ""]
[Source ""]
[Remark ""]

1.e4 c5 2.Nf3 e6 3.b3 a6 4.Bb2 Nc6 5.e5 b5 6.g3 Bb7 7.Bg2 Be7
8.O-O g5 9.d3 h5 10.Nfd2 f5 11.exf6 Bxf6 12.Nc3 Qc7 13.Nde4 Nd4
14.Nxf6+ Nxf6 15.Ne4 Nxe4 16.dxe4 e5 17.a4 O-O-O 18.axb5 Nxb5
19.c4 Nd4 20.b4 d6 21.Bxd4 exd4 22.bxc5 dxc5 23.Qd3 Rdf8 24.Rfb1
Rf6 25.e5 Bxg2 26.exf6 Qc6 27.Qf5+ Kc7 28.Qe5+ Kd7 29.Qe7+ Kc8
30.Qa7 Qa8 31.Qxc5+ Bc6 32.Rb6 Kd7 33.Raxa6 Re8 34.Qxd4+ Kc7
35.Rxc6+ 1-0

[Event "FIDE Open 2012"]
[Site "Voronezh (Russia)"]
[Date "2012.06.13"]
[Round "2.17"]
[White "Kozlov, Sergej A."]
[Black "Zhukov, Viktor"]
[Result "0-1"]
[WhiteElo "1784"]
[BlackElo "2077"]
[Annotator ""]
[Source ""]
[Remark ""]

1.d4 Nf6 2.c4 g6 3.Nc3 Bg7 4.e4 d6 5.Nf3 O-O 6.Be2 e5 7.O-O exd4
8.Nxd4 Re8 9.f3 c6 10.Re1 Qb6 11.Be3 Nh5 12.Nf5 Qxb2 13.Nxg7
Nxg7 14.Bd4 Qa3 15.Qd2 Qa5 16.Kh1 Ne6 17.f4 Nxd4 18.Qxd4 Na6
19.Rf1 Bd7 20.Qg7+ Kxg7 21.Nd5 Qxd5 22.cxd5 Nb4 23.Ba6 bxa6 24.a3
Bh3 25.gxh3 Nc2 26.Rf3 Nxa1 27.f5 gxf5 28.e5 dxe5 29.Rf1 cxd5
30.Rxa1 Rac8 31.Rd1 Rc1 32.Rxc1 Rc8 33.Rxc8 d4 34.Rd8 d3 35.Rxd3
e4 36.Re3 f4 37.Rxe4 f3 38.Rf4 f2 39.Rxf2 Kg6 40.Rxf7 Kxf7 41.Kg1
Kf6 42.Kf2 Kf5 43.Kf3 Ke5 44.Ke3 Kd5 45.Kd3 Kc5 46.Kc3 Kb5 47.Kb3
Kc5 48.Kc3 Kd5 49.Kd3 Ke5 50.Ke3 Kf5 51.Ke2 Kf4 52.Kf1 Kf3 53.Ke1
Kg2 54.h4 Kxh2 55.Kf1 Kg3 56.Ke2 Kxh4 57.Kd3 Kg4 0-1

[Event "FIDE Open 2012"]
[Site "Voronezh (Russia)"]
[Date "2012.06.13"]
[Round "2.19"]
[White "Khazieva, Elza"]
[Black "Gagarin, Artem"]
[Result "1-0"]
[WhiteElo "2068"]
[BlackElo "1767"]
[Annotator ""]
[Source ""]
[Remark ""]

1.e4 c5 2.b3 Nc6 3.Bb2 e5 4.Bc4 d6 5.Ne2 Nf6 6.d3 a6 7.a4 Be7
8.Nbc3 O-O 9.O-O Nd4 10.Nd5 Nxd5 11.Bxd5 Rb8 12.Ng3 Bg5 13.Rb1
Ne6 14.Nf5 Nf4 15.Ne3 Nxd5 16.Nxd5 f5 17.c3 Be6 18.f3 Bxd5 19.exd5
Be3+ 20.Kh1 Qh4 21.Qe1 Qh6 22.Bc1 Bxc1 23.Qxc1 f4 24.b4 b6 25.Rb2
a5 26.bxa5 bxa5 27.Qb1 Ra8 28.Rb6 Qg6 29.Qb5 h5 30.Rd1 h4 31.h3
Rfc8 32.Qd7 Rd8 33.Qe7 Qf6 34.Qxf6 gxf6 35.Rdb1 Kf7 36.Rb7+ Ke8
37.Rh7 Rab8 1-0

[Event "FIDE Open 2012"]
[Site "Voronezh (Russia)"]
[Date "2012.06.13"]
[Round "2.23"]
[White "Bobro, Igor"]
[Black "Natacheev, Peter"]
[Result "0-1"]
[WhiteElo "1902"]
[BlackElo "2230"]
[Annotator ""]
[Source ""]
[Remark ""]

1.d4 g6 2.c4 Bg7 3.Nc3 c5 4.Nf3 cxd4 5.Nxd4 Nc6 6.Nxc6 bxc6 7.e3
Nf6 8.Be2 O-O 9.O-O d5 10.Qa4 Qb6 11.Qb3 Ba6 12.Rd1 Rfd8 13.Bd2
dxc4 14.Bxc4 Bxc4 15.Qxc4 Qxb2 16.Rab1 Qa3 17.Rb3 Qd6 18.Be1
Qc7 19.Rxd8+ Rxd8 20.Nb5 Qd7 21.Nd4 Rc8 22.Qa6 c5 23.Rb7 Qd6
24.Rb6 axb6 25.Qxc8+ Bf8 26.Nf3 e5 27.h3 e4 28.Nd2 Qd3 29.Qc6
Nd5 30.Nb3 Qd1 31.Kh2 Ne7 32.Qxb6 Qxe1 0-1

[Event "FIDE Open 2012"]
[Site "Voronezh (Russia)"]
[Date "2012.06.13"]
[Round "2.24"]
[White "Volkov, Sergei"]
[Black "Cho, Seongho"]
[Result "1-0"]
[WhiteElo "2107"]
[BlackElo "1948"]
[Annotator ""]
[Source ""]
[Remark ""]

1.d4 d5 2.Nf3 Nf6 3.Bf4 c5 4.e3 Qb6 5.Nc3 e6 6.Rb1 Nc6 7.Nb5
e5 8.Nxe5 Qa5+ 9.c3 Bf5 10.Nxc6 bxc6 11.Nc7+ Kd7 12.Nxa8 cxd4
13.Bd3 Bxd3 14.Qxd3 Bd6 15.Qf5+ 1-0

[Event "FIDE Open 2012"]
[Site "Voronezh (Russia)"]
[Date "2012.06.13"]
[Round "2.25"]
[White "Sedykh, Egor"]
[Black "Popov, Andrey"]
[Result "0-1"]
[WhiteElo "1793"]
[BlackElo "2094"]
[Annotator ""]
[Source ""]
[Remark ""]

1.d4 e6 2.c4 d5 3.Nc3 c6 4.Nf3 dxc4 5.a4 Bb4 6.Bd2 a5 7.e3 b5
8.axb5 Bxc3 9.Bxc3 cxb5 10.d5 Nf6 11.dxe6 Qxd1+ 12.Rxd1 Bxe6
13.Nd4 Bd7 14.Be2 O-O 15.O-O Ra6 16.b3 Ne4 17.Ba1 Nc5 18.bxc4
b4 19.Rb1 Rb6 20.Nb3 Nxb3 21.Rxb3 a4 22.Bd4 Rb7 23.Bf3 Bc6 24.Rbb1
Bxf3 25.gxf3 Nc6 26.Ra1 Ra8 27.Rfb1 f5 28.f4 Kf7 29.Kf1 Ra5 30.Ke2
a3 31.Rb3 Ra4 32.Kd3 Na5 33.Rbb1 b3 34.c5 b2 35.Ra2 Nc6 36.Bc3
Ke6 37.Kc2 Kd5 38.Bxb2 Nb4+ 39.Kb3 Nxa2+ 40.Kxa2 0-1

[Event "FIDE Open 2012"]
[Site "Voronezh (Russia)"]
[Date "2012.06.13"]
[Round "2.26"]
[White "Klimentov, Evgeny"]
[Black "Pavlov, Nikolay"]
[Result "0-1"]
[WhiteElo "1818"]
[BlackElo "2087"]
[Annotator ""]
[Source ""]
[Remark ""]

1.e4 c5 2.Nf3 e6 3.d4 cxd4 4.Nxd4 Nc6 5.Nxc6 bxc6 6.c4 Nf6 7.Bd3
e5 8.O-O Be7 9.Nc3 O-O 10.b3 Bb7 11.Bb2 d5 12.exd5 cxd5 13.cxd5
Nxd5 14.Nxd5 Qxd5 15.f3 Rad8 16.Rc1 Bg5 17.Bb1 Bxc1 18.Qxc1 Ba6
19.Re1 f6 20.Be4 Qd2 21.Qxd2 Rxd2 22.Bc3 Rd7 23.Bf5 Rb7 24.Rd1
Bb5 25.a3 g6 26.Be6+ Kg7 27.Bb4 Re8 28.Rd6 Rb6 29.Rxb6 axb6 30.Bd5
Rd8 31.Be4 Kf7 32.Kf2 Bd3 33.Bc6 Bc2 34.Ba4 Ke6 35.Ke2 Bd3+ 0-1

[Event "FIDE Open 2012"]
[Site "Voronezh (Russia)"]
[Date "2012.06.13"]
[Round "2.27"]
[White "Karavaeva, Nadezhda"]
[Black "Sukhareva, Valentina"]
[Result "1-0"]
[WhiteElo "2027"]
[BlackElo "1879"]
[Annotator ""]
[Source ""]
[Remark ""]

1.e4 d6 2.d4 Nf6 3.Nc3 c6 4.Bg5 Qa5 5.Qd2 b5 6.Bd3 Nbd7 7.Nf3
a6 8.O-O e5 9.Rfe1 Be7 10.Bh4 O-O 11.Rad1 Qc7 12.Ne2 c5 13.c3
Re8 14.h3 Nf8 15.b3 h6 16.Bg3 Ng6 17.Qb2 Bb7 18.dxe5 dxe5 19.c4
Nxe4 20.Bxe4 Bxe4 21.Nxe5 Qb6 22.Nc3 Nxe5 23.Nxe4 Ng6 24.Qc2
Bf8 25.f3 Rad8 26.Bf2 f5 27.Nc3 b4 28.Nd5 Qc6 29.Qxf5 Ne7 30.Nxe7+
Bxe7 31.Rxd8 Bxd8 32.Qd5+ Qxd5 33.Rxe8+ Kf7 34.cxd5 Kxe8 35.Bxc5
a5 36.Kf2 Kd7 37.Ke3 Bc7 38.f4 g6 39.g3 Kd8 40.Ke4 Kd7 41.Kd4
h5 42.Ke4 Ke8 43.g4 h4 44.d6 Bd8 45.g5 1-0

[Event "FIDE Open 2012"]
[Site "Voronezh (Russia)"]
[Date "2012.06.13"]
[Round "2.30"]
[White "Abramova, Yulia"]
[Black "Aleksandrov, Grigoriy"]
[Result "0-1"]
[WhiteElo "1949"]
[BlackElo "1819"]
[Annotator ""]
[Source ""]
[Remark ""]

1.e4 c5 2.Nf3 d6 3.d4 cxd4 4.Qxd4 a6 5.c4 Nc6 6.Qd2 Nf6 7.Nc3
Bg4 8.Be2 g6 9.Nd4 Nxd4 10.Qxd4 Bxe2 11.Kxe2 Bg7 12.Qd3 O-O 13.Be3
Nd7 14.Bd4 Ne5 15.Bxe5 Bxe5 16.h4 f5 17.h5 Qb6 18.Rab1 Qxf2+
19.Kxf2 fxe4+ 20.Ke3 exd3 21.Nd5 e6 22.Nb4 Rac8 23.b3 d2 24.Nd3
Bc3 25.hxg6 hxg6 26.Rh4 Rf5 27.g4 Rf7 28.g5 Rf5 29.Rg4 Rcf8 30.Nf4
Re5+ 31.Kd3 Re1 32.Rg1 Rf7 33.Kxc3 Rxb1 34.Rxb1 Rxf4 35.Kd3 e5
36.Rh1 Kf7 37.Ke3 0-1